000 00673nam a2200289Ia 4500
005 20260324143750.0
008 008 260324s9999 xx 000 0 eng d
020 _a9780429043826
037 _aEBOOK
040 _aCRL
040 _beng
040 _cCRL
041 _2eng
041 _aeng
084 _qCRL
100 _aSussan Siavoshi
_91216838
245 0 _aLiberal Nationalism In Iran
245 4 _bThe Failure Of A Movement
260 _bTaylor and Francis
260 _c1990
365 _a
365 _b230
856 _uhttp://www.taylorfrancis.com/books/9780429043826
942 _cEBOOK
999 _c1822635
_d1822635